Failaka : fouilles francaises, 1986-1988 /

محفوظ في:

مؤلفون آخرون: Calvet, Yves., Gachet, Jacqueline.

التنسيق: كتاب

اللغة: French

منشور في: Lyon : Paris : GDR-Maison de l'Orient ; Diffusion de Boccard, 1990.

سلاسل: Travaux de la Maison de l'Orient, 18.

الموضوعات:

الوسوم: إضافة وسم

لا توجد وسوم, كن أول من يضع وسما على هذه التسجيلة!

رقم الطلب: DS247 .K83 F35 1986-88

LEADER 01294nam a2200301Ia 4500
003 OSt
005 20230511085531.0
008 901207s1990 fr abe b 000 0 fre d
952 |0 0  |1 0  |2 lcc  |4 0  |6 DS0247 K83 F35 01986-00088  |7 1  |9 47374  |a ARCE  |b ARCE  |d 2023-05-11  |l 0  |o DS247 .K83 F35 1986-88  |p 1014621  |r 2023-05-11 00:00:00  |w 2023-05-11  |y BK 
999 |c 47539  |d 47539 
020 |a 2903264473 
040 |c ARCE Library 
050 4 |a DS247 .K83 F35 1986-88 
245 1 0 |a Failaka :   |b fouilles francaises, 1986-1988 /   |c sous la direction d'Yves Calvet et Jacqueline Gachet. 
264 1 |a Lyon :   |b GDR-Maison de l'Orient ;   |a Paris :   |b Diffusion de Boccard,   |c 1990. 
300 |a 337 p. :   |b ill., maps, plans ;   |c 30 cm. 
490 0 |a Travaux de la Maison de l'Orient,   |x 0766-0510 ;   |v 18. 
500 |a "Publié avec le concours du Ministère des affaires étrangères (commission des fouilles)." 
500 |a Four folded leaves of plans in pocket. 
504 |a Includes bibliographical references (p. [11]-22). 
546 |a French and English. 
650 0 |a Excavations (Archaeology)   |z Kuwait   |z Failaka Island. 
651 0 |a Failaka Island (Kuwait)   |x Antiquities. 
651 0 |a Kuwait   |x Antiquities. 
700 1 |a Calvet, Yves. 
700 1 |a Gachet, Jacqueline. 
901 |a reviewed 
942 |2 lcc  |c BK